Представление документа в формате MARC21

ПолеНазваниеЗначение
  Тип записи a
  Библиографический уровень m
001 Контрольный номер RU\infra-m\znanium\bibl\2215353
005 Дата корректировки 20260429142157.8
008 Кодируемые данные 250626s2025 RU g rus u
020 Индекс ISBN __
a ISBN 978-5-16-021183-1
020 Индекс ISBN __
a ISBN 978-5-16-109724-3 (электр. издание)
040 Источник каталогиз. __
a Служба первич. каталог. Общество с ограниченной ответственностью «ЗНАНИУМ»
041 Код языка издания __
a Код языка текста rus
044 Код страны публикации __
a Код страны публикации RU
080 Индекс УДК __
a Индекс УДК [37+159.9](075.32)
084 Индекс другой классификации/Индекс ББК __
2 Источник индекса rubbk
a Индекс другой классификации/Индекс ББК 74.00:88я723
084 Индекс другой классификации/Индекс ББК __
2 Источник индекса okso
a Индекс другой классификации/Индекс ББК 00.02.15
084 Индекс другой классификации/Индекс ББК __
2 Источник индекса okso
a Индекс другой классификации/Индекс ББК 08.02.03
084 Индекс другой классификации/Индекс ББК __
2 Источник индекса okso
a Индекс другой классификации/Индекс ББК 20.02.01
084 Индекс другой классификации/Индекс ББК __
2 Источник индекса okso
a Индекс другой классификации/Индекс ББК 25.02.05
084 Индекс другой классификации/Индекс ББК __
2 Источник индекса okso
a Индекс другой классификации/Индекс ББК 39.02.01
084 Индекс другой классификации/Индекс ББК __
2 Источник индекса okso
a Индекс другой классификации/Индекс ББК 44.02.01
084 Индекс другой классификации/Индекс ББК __
2 Источник индекса okso
a Индекс другой классификации/Индекс ББК 44.02.02
084 Индекс другой классификации/Индекс ББК __
2 Источник индекса okso
a Индекс другой классификации/Индекс ББК 44.02.03
084 Индекс другой классификации/Индекс ББК __
2 Источник индекса okso
a Индекс другой классификации/Индекс ББК 44.02.04
084 Индекс другой классификации/Индекс ББК __
2 Источник индекса okso
a Индекс другой классификации/Индекс ББК 44.02.05
084 Индекс другой классификации/Индекс ББК __
2 Источник индекса okso
a Индекс другой классификации/Индекс ББК 44.02.06
084 Индекс другой классификации/Индекс ББК __
2 Источник индекса okso
a Индекс другой классификации/Индекс ББК 46.02.02
084 Индекс другой классификации/Индекс ББК __
2 Источник индекса okso
a Индекс другой классификации/Индекс ББК 49.02.01
084 Индекс другой классификации/Индекс ББК __
2 Источник индекса okso
a Индекс другой классификации/Индекс ББК 49.02.02
084 Индекс другой классификации/Индекс ББК __
2 Источник индекса okso
a Индекс другой классификации/Индекс ББК 51.02.01
084 Индекс другой классификации/Индекс ББК __
2 Источник индекса okso
a Индекс другой классификации/Индекс ББК 51.02.03
084 Индекс другой классификации/Индекс ББК __
2 Источник индекса okso
a Индекс другой классификации/Индекс ББК 53.02.01
084 Индекс другой классификации/Индекс ББК __
2 Источник индекса okso
a Индекс другой классификации/Индекс ББК 54.02.06
100 Автор __
a Автор Кудряшева Л.А.
q Полное имя Кудряшева Людмила Александровна
u Дополнение Новосибирский государственный педагогический университет
245 Заглавие __
a Заглавие Педагогика и психология
b Продолж. заглавия Учебное пособие
c Ответственность Новосибирский государственный педагогический университет
250 Сведения об издании __
a Основные сведения об издании 1
260 Выходные данные __
a Место издания Москва
b Издательство ООО "Научно-издательский центр ИНФРА-М"
c Дата издания 2026
300 Физическое описание __
a Объем 160 с.
440 Серия __
a Серия Среднее профессиональное образование
520 Аннотация __
a Аннотация Учебное пособие составлено в соответствии с содержанием государственного экзамена по направлению «Педагогика и психология» в учреждениях высшего и среднего профессионального образования. Здесь можно найти ответы на основные экзаменационные вопросы. Снабжено именным алфавитным указателем и списком литературы использованной при подготовке ответов. Поможет быстро и качественно подготовиться к государственному экзамену студентам педагогических и психологических специальностей а также будет полезно всем студентам учреждений высшего и среднего профессионального образования изучающим дисциплины «Педагогика» и «Психология».
521 Примеч. о цел. назн. __
a Примеч. о целев. назн. Среднее профессиональное образование
650 Тематические рубрики __
a Основная рубрика Психология
x Основная подрубрика Общая психология
655 Указ. предметных рубрик (устаревшее) __
a Жанр/ форма (устаревшее) Учебное пособие
856 Электронный адрес документа 4_
a Имя сервера/домена znanium.ru
m Помощь ebs_support@infra-m.ru
n Местонахождение сервера НИЦ ИНФРА-М
u URL https://znanium.ru/catalog/document?id=466425
856 Электронный адрес документа 48
a Имя сервера/домена znanium.ru
d Путь /cover/2215
f Электронное имя 2215353.jpg
q Тип электронного формата image/jpeg
u URL https://znanium.ru/cover/2215/2215353.jpg
911 __
u 0030=https://znanium.ru/catalog/document?id=466425